Algo pasa en el zoológico : cuentos de meristemo 3 :
Guardado en:
| Autor Principal: | |
|---|---|
| Formato: | Libro |
| Publicado: |
Buenos Aires :
Colihue,
1994
|
| Materias: | |
| Etiquetas: |
Agregar Etiqueta
Sin Etiquetas, Sea el primero en etiquetar este registro!
|
| LEADER | 00627nam a22002055a 4500 | ||
|---|---|---|---|
| 001 | CEM.cems013422 | ||
| 005 | 20101008113243.0 | ||
| 008 | 130507s1994##################000#0#####d | ||
| 003 | CEMS | ||
| 020 | |a 9505817177 | ||
| 082 | 0 | 4 | |a SG371.41 |
| 100 | 1 | |a Rey, Rosa María | |
| 245 | 1 | 0 | |a Algo pasa en el zoológico : |b cuentos de meristemo 3 : |c Rosa María Rey |
| 260 | |a Buenos Aires : |b Colihue, |c 1994 | ||
| 300 | |a 256 p. | ||
| 653 | |a Biblioteca maría de los angeles saggio | ||
| 653 | |a Educación primaria | ||
| 653 | |a Cuentos | ||
| 653 | |a Literatura infantil | ||
| 859 | |a CEMS |b BIB. CEMS - 11 de abril |h SG371.41 |i R329-3 |p 26044.10 |t Ej.1 | ||
